Cuentas cifradas; el misterioso mundo de la banca suiza /

Guardado en:
Autor Principal: Faith, Nicholas
Formato: Libro
Publicado: Barcelona : Sudamericana/planeta, 1984
Materias:
Etiquetas: Agregar Etiqueta
Sin Etiquetas, Sea el primero en etiquetar este registro!
LEADER 00541nam a22001935a 4500
001 CEM.cems002372
008 130507s1984##################000#0#####d
005 20220216153327.0
003 CEMS
245 1 0 |a Cuentas cifradas; el misterioso mundo de la banca suiza / 
260 |a Barcelona :  |b Sudamericana/planeta,  |c 1984 
300 |a 347 p. 
100 1 |a Faith, Nicholas 
082 0 4 |a 332 
653 |a Bancos suizos 
653 |a Finanzas 
653 |a Literatura 
653 |a Banca Suiza 
859 |a CEMS  |b BIB. CEMS - 11 de abril  |h 332  |i F172  |p 13372.85  |t Ej.1